[Event "POR-chT"]
[Site "Penafiel"]
[Date "2020.08.25"]
[Round "6.4"]
[White "Eggert, Alberto"]
[Black "Gomes, Estevao Manuel Da"]
[Result "1/2-1/2"]
[WhiteElo "2102"]
[BlackElo "2029"]
[PlyCount "85"]
[EventDate "2020.08.22"]
[EventType "team-tourn"]
[EventRounds "9"]
[EventCountry "POR"]
[SourceTitle "CBM 198 Extra"]
[Source "ChessBase"]
[SourceDate "2020.11.30"]
[SourceVersion "1"]
[SourceVersionDate "2020.11.30"]
[SourceQuality "1"]
[WhiteTeam "Amadora"]
[BlackTeam "Santoantoniense"]
[WhiteTeamCountry "POR"]
[BlackTeamCountry "POR"]

1. d4 Nf6 2. Nf3 g6 3. Nc3 d5 4. Bf4 c6 5. e3 Bg7 6. Be2 0-0 7. 0-0 Bg4 8. h3 Bxf3 9. Bxf3 Nbd7 10. g4 h6 11. Qd2 Re8 12. e4 dxe4 13. Nxe4 Nxe4 14. Bxe4 Nf6 15. Bg2 h5 16. f3 Qb6 17. Be5 Rad8 18. c3 Qa5 19. Qf4 Nd5 20. Qe4 Nf6 21. Qe2 Nd7 22. f4 hxg4 23. hxg4 Qb6 24. Rf2 c5 25. f5 cxd4 26. cxd4 Nxe5 27. dxe5 gxf5 28. gxf5 Bh6 29. Kh1 Rd2 30. Qg4+ Kh8 31. Rxd2 Bxd2 32. f6 exf6 33. Qh5+ Kg7 34. Rg1 Rh8 35. exf6+ Qxf6 36. Bh3+ Kf8 37. Qc5+ Qe7 38. Qc8+ Qe8 39. Qg4 Qc6+ 40. Rg2 Qc1+ 41. Rg1 Qc6+ 42. Rg2 Qc1+ 43. Rg1 1/2-1/2

[Event "Lisbon Portugal rapid 2op"]
[Site "Lisbon"]
[Date "2020.02.02"]
[Round "8"]
[White "Eggert, Alberto"]
[Black "Sarkar, Justin"]
[Result "0-1"]
[WhiteElo "2097"]
[BlackElo "2373"]
[PlyCount "40"]
[EventDate "2020.01.02"]
[EventType "swiss (rapid)"]
[EventRounds "8"]
[EventCountry "POR"]
[SourceTitle "CBM 194 Extra"]
[Source "ChessBase"]
[SourceDate "2020.03.31"]
[SourceVersion "1"]
[SourceVersionDate "2020.03.31"]
[SourceQuality "1"]

1. d4 Nf6 2. Nf3 d5 3. c4 dxc4 4. a4 c5 5. e3 cxd4 6. exd4 Be6 7. Na3 Nc6 8. Nxc4 Bd5 9. Nfe5 e6 10. Be3 Bb4+ 11. Nd2 0-0 12. Bd3 Bxg2 13. Rg1 Nxe5 14. dxe5 Qxd3 15. exf6 Bf3 16. Rxg7+ Kh8 17. Ra3 Qf5 18. Qa1 Rac8 19. Rb3 Qc2 20. Rc3 Rxc3 0-1

[Event "Lisbon Portugal rapid 2op"]
[Site "Lisbon"]
[Date "2020.02.02"]
[Round "5"]
[White "Goluch, Piotr"]
[Black "Eggert, Alberto"]
[Result "1/2-1/2"]
[WhiteElo "2391"]
[BlackElo "2097"]
[PlyCount "129"]
[EventDate "2020.01.02"]
[EventType "swiss (rapid)"]
[EventRounds "8"]
[EventCountry "POR"]
[SourceTitle "CBM 194 Extra"]
[Source "ChessBase"]
[SourceDate "2020.03.31"]
[SourceVersion "1"]
[SourceVersionDate "2020.03.31"]
[SourceQuality "1"]

1. d4 Nf6 2. Nf3 e6 3. c4 b6 4. g3 Ba6 5. b3 Bb4+ 6. Bd2 Bxd2+ 7. Nbxd2 d5 8. Bg2 0-0 9. 0-0 Nbd7 10. Re1 Bb7 11. cxd5 exd5 12. Rc1 c5 13. e3 Re8 14. Nb1 Ne4 15. Nc3 Rc8 16. dxc5 Nxc3 17. Rxc3 bxc5 18. Qc1 Qf6 19. Nd2 h6 20. Rc2 Ne5 21. Qa3 Nd3 22. Rf1 Nb4 23. Rxc5 Rxc5 24. Qxb4 Qb6 25. Qxb6 axb6 26. Nf3 Rc2 27. a4 Rec8 28. Nd4 Rc1 29. Bf3 Ba6 30. Be2 Rxf1+ 31. Kxf1 Rc1+ 32. Kg2 Bxe2 33. Nxe2 Rc2 34. Nd4 Rb2 35. g4 Kf8 36. Kg3 g6 37. h4 Ke7 38. f4 Kd6 39. h5 Rb1 40. Kf3 Rf1+ 41. Kg2 Re1 42. Kf3 Ke7 43. b4 Ra1 44. a5 bxa5 45. bxa5 Kd6 46. hxg6 fxg6 47. g5 hxg5 48. fxg5 Ke5 49. Nc6+ Kf5 50. Ne7+ Kxg5 51. Nxd5 Rxa5 52. Nf4 Kf5 53. Ne2 Ra1 54. Kg3 Ke4 55. Nf4 Kxe3 56. Ne6 Rg1+ 57. Kh4 Ke4 58. Ng5+ Kf5 59. Nf3 g5+ 60. Kh3 g4+ 61. Kh2 gxf3 62. Kxg1 Kf4 63. Kf2 Ke4 64. Kf1 Ke3 65. Ke1 1/2-1/2

[Event "Lisbon Portugal rapid 2op"]
[Site "Lisbon"]
[Date "2020.02.02"]
[Round "7"]
[White "Quintino, Luis Felipe Pires"]
[Black "Eggert, Alberto"]
[Result "0-1"]
[WhiteElo "1841"]
[BlackElo "2097"]
[PlyCount "74"]
[EventDate "2020.01.02"]
[EventType "swiss (rapid)"]
[EventRounds "8"]
[EventCountry "POR"]
[SourceTitle "CBM 194 Extra"]
[Source "ChessBase"]
[SourceDate "2020.03.31"]
[SourceVersion "1"]
[SourceVersionDate "2020.03.31"]
[SourceQuality "1"]

1. d4 Nf6 2. Bg5 e6 3. e4 c5 4. e5 h6 5. Bxf6 gxf6 6. c3 cxd4 7. Qh5 Qa5 8. f4 Nc6 9. Nf3 dxc3 10. Nxc3 Bb4 11. Kd2 d6 12. Qg4 fxe5 13. Qg7 Rf8 14. fxe5 dxe5 15. Bc4 Bxc3+ 16. bxc3 b5 17. Nxe5 bxc4 18. Nxc6 Qd5+ 19. Nd4 Bb7 20. Rhe1 0-0-0 21. Kc2 Qxg2+ 22. Qxg2 Bxg2 23. Rab1 Rd5 24. Rb4 Rc5 25. Nb5 Kd7 26. Rd1+ Ke7 27. Nd4 f5 28. Rg1 Be4+ 29. Kc1 e5 30. Ne2 f4 31. Rf1 Bd3 32. Rf2 f3 33. Ng3 Rd5 34. Kd2 Be2+ 35. Ke3 Rd3+ 36. Ke4 Ke6 37. Nxe2 fxe2 0-1

[Event "POR-chT"]
[Site "Evora"]
[Date "2019.07.18"]
[Round "6.1"]
[White "Eggert, Alberto"]
[Black "Espineira Gonzalez, Diego Adrian"]
[Result "0-1"]
[WhiteElo "2131"]
[BlackElo "2361"]
[PlyCount "72"]
[EventDate "2019.07.15"]
[EventType "team-tourn"]
[EventRounds "9"]
[EventCountry "POR"]
[SourceTitle "CBM 191 Extra"]
[Source "ChessBase"]
[SourceDate "2019.09.30"]
[SourceVersion "1"]
[SourceVersionDate "2019.09.30"]
[SourceQuality "1"]
[WhiteTeam "Amadora"]
[BlackTeam "O Amanha da Crianca"]
[WhiteTeamCountry "POR"]
[BlackTeamCountry "POR"]

1. d4 d5 2. c4 e6 3. Nc3 Nf6 4. e3 Be7 5. Bd3 dxc4 6. Bxc4 a6 7. a4 c5 8. Nge2 cxd4 9. exd4 Nc6 10. 0-0 Nb4 11. Bf4 0-0 12. Re1 b6 13. Bb3 Bb7 14. Ng3 Nfd5 15. Bc1 Rc8 16. Nce2 Qc7 17. Rf1 Rfd8 18. Ne4 h6 19. N2g3 f5 20. Nc3 Kh7 21. Qh5 Bf6 22. Rd1 Nxc3 23. bxc3 Bd5 24. Rb1 Bxb3 25. Rxb3 Nd5 26. Bd2 Qc4 27. Ra3 Be7 28. Raa1 Nxc3 29. Rac1 Qxd4 30. Bxh6 Qxd1+ 31. Rxd1 Rxd1+ 32. Nf1 g6 33. Qf3 Kxh6 34. Qe3+ Bg5 35. f4 Bf6 36. Qxe6 Bd4+ 0-1

[Event "POR-chT"]
[Site "Evora"]
[Date "2019.07.17"]
[Round "4.2"]
[White "Sousa, Andre Ventura"]
[Black "Eggert, Alberto"]
[Result "1-0"]
[WhiteElo "2362"]
[BlackElo "2131"]
[PlyCount "103"]
[EventDate "2019.07.15"]
[EventType "team-tourn"]
[EventRounds "9"]
[EventCountry "POR"]
[SourceTitle "CBM 191 Extra"]
[Source "ChessBase"]
[SourceDate "2019.09.30"]
[SourceVersion "1"]
[SourceVersionDate "2019.09.30"]
[SourceQuality "1"]
[WhiteTeam "Gaia"]
[BlackTeam "Amadora"]
[WhiteTeamCountry "POR"]
[BlackTeamCountry "POR"]

1. e4 e5 2. Nf3 Nc6 3. Bb5 a6 4. Ba4 Nf6 5. 0-0 Be7 6. Re1 b5 7. Bb3 d6 8. c3 0-0 9. d4 Bg4 10. Be3 Bh5 11. Nbd2 exd4 12. cxd4 Nb4 13. Nf1 c5 14. Ng3 c4 15. Nxh5 Nxh5 16. Bc2 Nxc2 17. Qxc2 d5 18. e5 g6 19. Bh6 Ng7 20. g3 Qb6 21. h4 Rfe8 22. Bxg7 Kxg7 23. Kg2 b4 24. h5 a5 25. e6 Bf6 26. exf7 Kxf7 27. Rh1 Re4 28. hxg6+ hxg6 29. Rh7+ Kg8 30. Rah1 Ra7 31. Rxa7 Qxa7 32. Qa4 Kg7 33. Qc6 Qf7 34. Qa8 Re8 35. Qxa5 Re2 36. Qa8 Re8 37. Qc6 Qe6 38. Qc7+ Qe7 39. Qf4 Qf8 40. Qh6+ Kf7 41. Qh7+ Qg7 42. Qh3 Kg8 43. Qg4 Re4 44. Qc8+ Qf8 45. Qb7 Qf7 46. Qxb4 Qa7 47. Qd6 Qf7 48. a4 Kg7 49. a5 Re2 50. Qb8 Re8 51. Qf4 Re2 52. Rh7+ 1-0

[Event "Lisbon Portugal rapid op"]
[Site "Lisbon"]
[Date "2019.02.10"]
[Round "5"]
[White "Monteiro, Paulo Alexandre G"]
[Black "Eggert, Alberto"]
[Result "1/2-1/2"]
[WhiteElo "1706"]
[BlackElo "2132"]
[PlyCount "40"]
[EventDate "2019.02.10"]
[EventType "swiss (rapid)"]
[EventRounds "8"]
[EventCountry "POR"]
[SourceTitle "CBM 188 Extra"]
[Source "ChessBase"]
[SourceDate "2019.02.26"]
[SourceVersion "1"]
[SourceVersionDate "2019.02.26"]
[SourceQuality "1"]

1. e4 c5 2. Nf3 d6 3. d4 cxd4 4. Nxd4 Nf6 5. Nc3 a6 6. Bg5 e6 7. f4 Nbd7 8. Qf3 Qc7 9. 0-0-0 h6 10. Bh4 Be7 11. Bd3 b5 12. Rhe1 Bb7 13. Qg3 g5 14. fxg5 Nh5 15. Qg4 hxg5 16. Bxg5 Ne5 17. Qh4 Ng6 18. Qg4 Ne5 19. Qh4 Ng6 20. Qg4 Ne5 1/2-1/2

[Event "Lisbon Portugal op"]
[Site "Lisbon"]
[Date "2019.02.07"]
[Round "7"]
[White "Eggert, Alberto"]
[Black "Bubalovic, Davorin"]
[Result "1/2-1/2"]
[WhiteElo "2132"]
[BlackElo "2249"]
[PlyCount "93"]
[EventDate "2019.02.02"]
[EventType "swiss"]
[EventRounds "9"]
[EventCountry "POR"]
[SourceTitle "CBM 188 Extra"]
[Source "ChessBase"]
[SourceDate "2019.02.26"]
[SourceVersion "1"]
[SourceVersionDate "2019.02.26"]
[SourceQuality "1"]

1. d4 Nf6 2. c4 g6 3. Nc3 Bg7 4. e4 d6 5. Nge2 0-0 6. Ng3 Nbd7 7. Be2 h5 8. h3 Re8 9. Bg5 Nf8 10. Be3 Ne6 11. e5 Nd7 12. f4 c5 13. f5 Nxd4 14. e6 fxe6 15. fxg6 Nf6 16. 0-0 h4 17. Nge4 Nf5 18. Bf2 Bh6 19. Bd3 Rf8 20. Nxf6+ Rxf6 21. Qh5 Kg7 22. Bxh4 Rxg6 23. Bxf5 exf5 24. Rae1 Be6 25. Nd5 Qh8 26. Kh1 Bd2 27. Qxg6+ Kxg6 28. Rxe6+ Kg7 29. Rxe7+ Kg6 30. Re6+ Kf7 31. Rf6+ Ke8 32. R1xf5 Rc8 33. Re6+ Kd7 34. Re7+ Kc6 35. Rff7 Ba5 36. Be1 Bd8 37. Rxb7 Qd4 38. b3 Qd1 39. Rxa7 Qxe1+ 40. Kh2 Qe5+ 41. Kg1 Qe1+ 42. Rf1 Qe6 43. Rff7 Qe1+ 44. Rf1 Qe6 45. Rff7 Qe1+ 46. Rf1 Qe6 47. Rff7 1/2-1/2

[Event "Lisbon Portugal op"]
[Site "Lisbon"]
[Date "2019.02.03"]
[Round "2"]
[White "Rajesh, VAV"]
[Black "Eggert, Alberto"]
[Result "1-0"]
[WhiteElo "2406"]
[BlackElo "2132"]
[PlyCount "65"]
[EventDate "2019.02.02"]
[EventType "swiss"]
[EventRounds "9"]
[EventCountry "POR"]
[SourceTitle "CBM 188 Extra"]
[Source "ChessBase"]
[SourceDate "2019.02.26"]
[SourceVersion "1"]
[SourceVersionDate "2019.02.26"]
[SourceQuality "1"]

1. d4 Nf6 2. c4 g6 3. Nc3 Bg7 4. e4 0-0 5. Nf3 d6 6. h3 Na6 7. Bd3 c5 8. d5 e5 9. Bg5 h6 10. Be3 Kh7 11. g4 Ng8 12. Qd2 Nb4 13. Bb1 Ne7 14. a3 Na6 15. Bd3 Nc7 16. Ne2 b5 17. cxb5 c4 18. Bxc4 f5 19. gxf5 gxf5 20. exf5 Bxf5 21. Ng3 Ng6 22. Nxf5 Rxf5 23. Qe2 Qf8 24. Nd2 e4 25. Nxe4 Re8 26. Ng3 Nxd5 27. Nxf5 Qxf5 28. Bd3 Qf6 29. 0-0-0 Rc8+ 30. Kb1 Nc3+ 31. bxc3 Qxc3 32. Bxg6+ Kh8 33. Bd4 1-0

[Event "Lisbon Portugal op"]
[Site "Lisbon"]
[Date "2019.02.02"]
[Round "1"]
[White "Eggert, Alberto"]
[Black "Amaral, Fernando Luis P San"]
[Result "1-0"]
[WhiteElo "2132"]
[BlackElo "1528"]
[PlyCount "39"]
[EventDate "2019.02.02"]
[EventType "swiss"]
[EventRounds "9"]
[EventCountry "POR"]
[SourceTitle "EXT 2021"]
[Source "ChessBase"]
[SourceDate "2020.10.23"]
[SourceVersion "1"]
[SourceVersionDate "2020.10.23"]
[SourceQuality "1"]

1. e4 c5 2. Nf3 e6 3. c3 Nf6 4. e5 Nd5 5. Bc4 Nb6 6. Bb3 Nc6 7. 0-0 d6 8. exd6 Bxd6 9. d4 0-0 10. dxc5 Bxc5 11. Qe2 Qc7 12. Nbd2 Bd6 13. Ne4 Bf4 14. Be3 Bxe3 15. fxe3 Ne5 16. Nfg5 h6 17. Qh5 Nbc4 18. Bxc4 Nxc4 19. Nf6+ Kh8 20. Nfh7 1-0

[Event "POR-chT"]
[Site "Maia"]
[Date "2018.07.18"]
[Round "4.4"]
[White "Eggert, Alberto"]
[Black "Marchena Hurtado, Javier"]
[Result "0-1"]
[WhiteElo "2142"]
[BlackElo "2354"]
[PlyCount "104"]
[EventDate "2018.07.16"]
[EventType "team-tourn"]
[EventRounds "9"]
[EventCountry "POR"]
[SourceTitle "CBM 185 Extra"]
[Source "ChessBase"]
[SourceDate "2018.07.29"]
[SourceVersion "1"]
[SourceVersionDate "2018.07.29"]
[SourceQuality "1"]
[WhiteTeam "Amadora"]
[BlackTeam "Porto A"]
[WhiteTeamCountry "POR"]
[BlackTeamCountry "POR"]

1. e4 e5 2. Nf3 Nc6 3. Bb5 a6 4. Ba4 Nf6 5. d3 b5 6. Bb3 Be7 7. 0-0 0-0 8. a4 b4 9. a5 d6 10. h3 Be6 11. c3 Rb8 12. Bc4 Bxc4 13. dxc4 Qd7 14. Re1 Qe6 15. Qd3 h6 16. Nbd2 bxc3 17. bxc3 Nd7 18. Qd5 Nd8 19. Ba3 c6 20. Qd3 Nb7 21. Red1 Nbc5 22. Qc2 Rb7 23. Bb4 g6 24. Re1 Kg7 25. Rab1 Rfb8 26. Rbd1 Kg8 27. Re3 Bd8 28. Nf1 Bc7 29. Qe2 Nb3 30. Qa2 c5 31. Qxb3 cxb4 32. Qa4 Nc5 33. Qc6 b3 34. N1d2 b2 35. Ree1 Bxa5 36. Nb1 Rb6 37. Qd5 Qxd5 38. Rxd5 Rc6 39. Red1 Bc7 40. Nfd2 a5 41. f3 a4 42. Na3 Kf8 43. Ndb1 Ke7 44. Nb5 Nb3 45. Nxc7 Rxc7 46. Rxd6 Rxc4 47. Rd7+ Kf8 48. Ra7 Nc5 49. Rd5 Rb3 50. Rd8+ Kg7 51. Rd2 a3 52. Rc2 Ra4 0-1

[Event "POR-chT"]
[Site "Maia"]
[Date "2018.07.17"]
[Round "3.3"]
[White "Kaczur, Florian"]
[Black "Eggert, Alberto"]
[Result "1-0"]
[WhiteElo "2471"]
[BlackElo "2142"]
[PlyCount "89"]
[EventDate "2018.07.16"]
[EventType "team-tourn"]
[EventRounds "9"]
[EventCountry "POR"]
[SourceTitle "CBM 185 Extra"]
[Source "ChessBase"]
[SourceDate "2018.07.29"]
[SourceVersion "1"]
[SourceVersionDate "2018.07.29"]
[SourceQuality "1"]
[WhiteTeam "Dias Ferreira"]
[BlackTeam "Amadora"]
[WhiteTeamCountry "POR"]
[BlackTeamCountry "POR"]

1. e4 e5 2. Nf3 Nc6 3. Bb5 d6 4. 0-0 Bd7 5. d4 exd4 6. Nxd4 Be7 7. c4 Nf6 8. Nc3 a6 9. Bxc6 bxc6 10. Qf3 0-0 11. h3 c5 12. Nf5 Bxf5 13. exf5 Rb8 14. Re1 Nd7 15. b3 Bf6 16. Bd2 Ne5 17. Qe4 Nd7 18. Rad1 Bd4 19. Qf3 Ne5 20. Qg3 Re8 21. Nd5 Kh8 22. Ba5 Rc8 23. Kh1 Qd7 24. Nxc7 Rxc7 25. Bxc7 Qxc7 26. f4 f6 27. fxe5 dxe5 28. b4 Qb6 29. bxc5 Qxc5 30. Qd3 Rc8 31. Rb1 h6 32. Rb7 Qxc4 33. Qg3 Rc7 34. Rb8+ Rc8 35. Reb1 Qc7 36. Rxc8+ Qxc8 37. Qg6 Ba7 38. Rd1 Bd4 39. Qh5 Qc2 40. a3 a5 41. Re1 Bf2 42. Qe2 Qc5 43. Rb1 Bd4 44. Qb5 Qe7 45. Qxa5 1-0

[Event "Lisbon Portugal rapid op"]
[Site "Lisbon"]
[Date "2018.02.10"]
[Round "8"]
[White "Eggert, Alberto"]
[Black "Gabrielian, Artur"]
[Result "0-1"]
[WhiteElo "2142"]
[BlackElo "2502"]
[PlyCount "82"]
[EventDate "2018.02.10"]
[EventType "swiss (rapid)"]
[EventRounds "8"]
[EventCountry "POR"]
[SourceTitle "CBM 182 Extra"]
[Source "ChessBase"]
[SourceDate "2018.02.23"]
[SourceVersion "1"]
[SourceVersionDate "2018.02.23"]
[SourceQuality "1"]

1. e4 c5 2. Nf3 Nc6 3. Bb5 d6 4. 0-0 Bd7 5. c3 Nf6 6. Re1 a6 7. Ba4 b5 8. Bc2 e5 9. d3 Be7 10. Nbd2 0-0 11. Nf1 Re8 12. h3 Bf8 13. Bg5 h6 14. Bxf6 Qxf6 15. Ne3 Be6 16. a4 Qd8 17. Nd5 Bxd5 18. exd5 Ne7 19. d4 exd4 20. Qd3 g6 21. axb5 axb5 22. Rxa8 Qxa8 23. cxd4 c4 24. Qe4 Rb8 25. Qg4 Qxd5 26. Be4 Qe6 27. Qf4 Bg7 28. Bc6 Qf6 29. Qe4 Nf5 30. Bxb5 Nxd4 31. Bxc4 Nxf3+ 32. gxf3 Kh7 33. b3 h5 34. Qe7 Qf4 35. Qxf7 Qg5+ 36. Kf1 Rf8 37. Qd5 Be5 38. Ke2 Rf4 39. Qg8+ Kh6 40. Bd5 Rd4 41. Qf8+ Bg7 0-1

[Event "Lisbon Portugal rapid op"]
[Site "Lisbon"]
[Date "2018.02.10"]
[Round "5"]
[White "Sousa, Hugo Carneiro"]
[Black "Eggert, Alberto"]
[Result "0-1"]
[WhiteElo "1908"]
[BlackElo "2142"]
[PlyCount "150"]
[EventDate "2018.02.10"]
[EventType "swiss (rapid)"]
[EventRounds "8"]
[EventCountry "POR"]
[SourceTitle "CBM 182 Extra"]
[Source "ChessBase"]
[SourceDate "2018.02.23"]
[SourceVersion "1"]
[SourceVersionDate "2018.02.23"]
[SourceQuality "1"]

1. e4 c5 2. c3 d5 3. exd5 Qxd5 4. d4 Nf6 5. Nf3 Bg4 6. Be2 Nc6 7. 0-0 e6 8. Be3 cxd4 9. cxd4 Be7 10. Nc3 Qd6 11. h3 Bh5 12. Nb5 Qd8 13. Ne5 Bxe2 14. Qxe2 Nb4 15. a3 Nbd5 16. Rac1 0-0 17. Nc3 Rc8 18. Nxd5 Qxd5 19. Rc2 Rxc2 20. Qxc2 Bd6 21. Nf3 Bb8 22. Qc5 Qb3 23. Rb1 Nd5 24. Bd2 b6 25. Qc1 Qd3 26. Qf1 Qc2 27. Qc1 Qf5 28. Qe1 Bf4 29. Rc1 h6 30. Bxf4 Nxf4 31. Qe3 Rd8 32. Rc7 Nd5 33. Qc1 Nxc7 34. Qxc7 Qd5 35. Ne5 f6 36. Qf7+ Kh8 37. Ng6+ Kh7 38. Nf8+ Rxf8 39. Qxf8 Qxd4 40. Qe7 Qxb2 41. Qxa7 e5 42. g3 Kg6 43. Qa4 Qb1+ 44. Kg2 Qd3 45. Qe8+ Kh7 46. Qe6 b5 47. Qe7 Qe4+ 48. Kg1 Qb1+ 49. Kg2 Qd3 50. Kg1 Qd1+ 51. Kg2 Qd5+ 52. Kg1 f5 53. Qf8 Qd1+ 54. Kg2 Qd3 55. Qb4 Qe4+ 56. Qxe4 fxe4 57. Kf1 Kg6 58. Ke2 Kf5 59. Ke3 h5 60. h4 g6 61. Ke2 Ke6 62. Kd2 Kd6 63. Ke2 Kc5 64. Kd2 Kc4 65. Ke3 Kb3 66. Kxe4 Kxa3 67. Kxe5 b4 68. f4 b3 69. Kf6 b2 70. Kxg6 b1Q+ 71. Kxh5 Qf5+ 72. Kh6 Qg4 73. h5 Kb4 74. f5 Kc5 75. f6 Kd6 0-1

[Event "POR-chT"]
[Site "Torres Vedras"]
[Date "2011.07.27"]
[Round "5.6"]
[White "Coimbra, Margarida Goncalves"]
[Black "Eggert, Alberto"]
[Result "1/2-1/2"]
[WhiteElo "2113"]
[BlackElo "2161"]
[PlyCount "92"]
[EventDate "2011.07.23"]
[EventType "team-swiss"]
[EventRounds "9"]
[EventCountry "POR"]
[SourceTitle "CBM 143 Extra"]
[Source "ChessBase"]
[SourceDate "2011.08.29"]
[SourceVersion "1"]
[SourceVersionDate "2011.08.29"]
[SourceQuality "1"]
[WhiteTeam "Palma e Arredores"]
[BlackTeam "Alekhine"]
[WhiteTeamCountry "POR"]
[BlackTeamCountry "POR"]

1. e4 e6 2. d4 c5 3. c3 Nf6 4. e5 Nd5 5. Nf3 cxd4 6. cxd4 Nc6 7. Bc4 d6 8. 0-0 Be7 9. exd6 Qxd6 10. Nc3 a6 11. Re1 0-0 12. Bb3 Rd8 13. Qe2 Nf6 14. Be3 b5 15. a3 Bb7 16. Rad1 b4 17. d5 bxc3 18. dxc6 Qxc6 19. Rc1 Qb5 20. Rxc3 Bxf3 21. Qxf3 Nd5 22. Bxd5 Rxd5 23. b4 Rad8 24. Rc7 Bf6 25. g3 Qd3 26. a4 Rf5 27. Qb7 Bc3 28. Rc1 Bb2 29. Rf1 h5 30. h4 Be5 31. Rc8 Rxc8 32. Qxc8+ Kh7 33. Re1 Bc3 34. Rc1 Bxb4 35. Rc7 Be1 36. Qb7 Qd1 37. Kg2 Qe2 38. Rxf7 Qg4 39. Rxf5 exf5 40. Qxa6 Qe4+ 41. Kg1 Bc3 42. Qb5 Be5 43. Qe8 Qb1+ 44. Kh2 Bxg3+ 45. fxg3 Qc2+ 46. Kg1 Qe2 1/2-1/2

[Event "POR-chT"]
[Site "Torres Vedras"]
[Date "2011.07.25"]
[Round "3.8"]
[White "Padeiro, Jose Joao Tato"]
[Black "Eggert, Alberto"]
[Result "1-0"]
[WhiteElo "2304"]
[BlackElo "2161"]
[PlyCount "157"]
[EventDate "2011.07.23"]
[EventType "team-swiss"]
[EventRounds "9"]
[EventCountry "POR"]
[SourceTitle "CBM 143 Extra"]
[Source "ChessBase"]
[SourceDate "2011.08.29"]
[SourceVersion "1"]
[SourceVersionDate "2011.08.29"]
[SourceQuality "1"]
[WhiteTeam "Porto Moto"]
[BlackTeam "Alekhine"]
[WhiteTeamCountry "POR"]
[BlackTeamCountry "POR"]

1. e4 c5 2. c3 d5 3. exd5 Qxd5 4. d4 Nc6 5. Nf3 Bg4 6. Be2 Nf6 7. dxc5 Qxc5 8. Be3 Qd6 9. Qxd6 exd6 10. Na3 Be7 11. 0-0 0-0 12. h3 Be6 13. Bg5 Rfd8 14. Nb5 h6 15. Bh4 g5 16. Bg3 Ne4 17. Bh2 a6 18. Nbd4 Bf6 19. Rad1 d5 20. Bc7 Rd7 21. Bb6 Rc8 22. Nxc6 bxc6 23. Bd4 g4 24. hxg4 Bxg4 25. Bxf6 Bxf3 26. Bxf3 Nxf6 27. Rd4 c5 28. Ra4 Rd6 29. Rd1 Kg7 30. Kf1 Kg6 31. b3 Kg5 32. g3 Rc7 33. Kg2 Rcd7 34. Be2 Ne4 35. Rc1 Ra7 36. Ra5 Rc7 37. f3 Nf6 38. Rd1 Rcc6 39. Kf2 Kg6 40. Ra4 Kf5 41. Bd3+ Ke6 42. g4 Kd7 43. Rh1 Ke7 44. Kg2 d4 45. c4 Kf8 46. Rxh6 Kg7 47. g5 Ne8 48. Rxd6 Nxd6 49. f4 f5 50. Kf3 Kg6 51. b4 cxb4 52. Rxb4 Nf7 53. Ra4 Re6 54. Kg2 Rc6 55. c5 Rxc5 56. Rxd4 Kh5 57. Rd7 Nxg5 58. fxg5 Kxg5 59. Rd4 a5 60. Kf3 Re5 61. Rd8 Rc5 62. Rg8+ Kf6 63. Kf4 Rd5 64. Ke3 Ke5 65. Re8+ Kf6 66. Rb8 f4+ 67. Ke4 Re5+ 68. Kxf4 Rd5 69. Rb6+ Ke7 70. Ke4 Rh5 71. Rb5 Rh4+ 72. Ke5 Ra4 73. Rb7+ Kd8 74. Rb2 Kc7 75. Kd5 Ra3 76. Bc4 Rh3 77. Kc5 Rh5+ 78. Bd5 Rh3 79. Rb7+ 1-0

[Event "POR-chT 52nd"]
[Site "Vila Nova de Gaia"]
[Date "2010.07.30"]
[Round "7.7"]
[White "Eggert, Alberto"]
[Black "Pereira, Susana Martins"]
[Result "1-0"]
[WhiteElo "2207"]
[BlackElo "1543"]
[PlyCount "89"]
[EventDate "2010.07.24"]
[EventType "team-tourn"]
[EventRounds "9"]
[EventCountry "POR"]
[SourceTitle "EXT 2011"]
[Source "ChessBase"]
[SourceDate "2010.11.26"]
[SourceVersion "1"]
[SourceVersionDate "2010.11.26"]
[SourceQuality "1"]
[WhiteTeam "Alekhine"]
[BlackTeam "Santoantoniense"]
[WhiteTeamCountry "POR"]
[BlackTeamCountry "POR"]

1. Nf3 c5 2. b3 d5 3. e3 Nf6 4. Bb2 e6 5. d3 Nc6 6. Be2 Be7 7. 0-0 0-0 8. Nbd2 b6 9. a3 Bb7 10. c4 Qc7 11. cxd5 Nxd5 12. Rc1 Rac8 13. Rc2 Qb8 14. Ne4 Rfd8 15. Qa1 Bf8 16. Rfc1 Na5 17. Ned2 f6 18. Qa2 Ne7 19. Bc3 Nac6 20. b4 cxb4 21. Qxe6+ Kh8 22. Bxb4 Nxb4 23. axb4 Nd5 24. b5 Ba3 25. Nc4 Bxc1 26. Rxc1 Re8 27. Qf5 Ne7 28. Qh3 Ng6 29. Bf1 Bxf3 30. gxf3 Ne5 31. d4 Nxc4 32. Bd3 g6 33. Rxc4 Rxc4 34. Bxc4 Qc7 35. Bd5 Qc1+ 36. Kg2 Rc8 37. Qe6 Rf8 38. Bc6 Kg7 39. d5 Qc4 40. f4 f5 41. Qe7+ Rf7 42. Qe5+ Kg8 43. d6 Qe2 44. h3 Qd3 45. Bd5 1-0

[Event "POR-chT 52nd"]
[Site "Vila Nova de Gaia"]
[Date "2010.07.26"]
[Round "3.1"]
[White "Eggert, Alberto"]
[Black "Pazos Porta, Antonio"]
[Result "0-1"]
[WhiteElo "2207"]
[BlackElo "2262"]
[PlyCount "112"]
[EventDate "2010.07.24"]
[EventType "team-tourn"]
[EventRounds "9"]
[EventCountry "POR"]
[SourceTitle "EXT 2011"]
[Source "ChessBase"]
[SourceDate "2010.11.26"]
[SourceVersion "1"]
[SourceVersionDate "2010.11.26"]
[SourceQuality "1"]
[WhiteTeam "Alekhine"]
[BlackTeam "Ferroviarios do Barreiro"]
[WhiteTeamCountry "POR"]
[BlackTeamCountry "POR"]

1. Nf3 c5 2. b3 Nc6 3. Bb2 d6 4. d4 cxd4 5. Nxd4 e5 6. Nf3 Nf6 7. g3 Qa5+ 8. Nfd2 h5 9. Bg2 h4 10. Nc3 Be6 11. 0-0 d5 12. Re1 0-0-0 13. a3 hxg3 14. hxg3 Ng4 15. e3 d4 16. b4 dxc3 17. bxa5 Rxd2 18. Bxc3 Rxd1 19. Rexd1 Bc5 20. a6 Kc7 21. axb7 Rb8 22. Bb4 Bxb4 23. axb4 Rxb7 24. c3 Bc4 25. Ra3 Nf6 26. Rda1 e4 27. Bf1 Bxf1 28. Kxf1 Nd7 29. Ke2 Nde5 30. Rd1 a5 31. Rb1 axb4 32. cxb4 Rxb4 33. Ra7+ Kd6 34. Rxb4 Nxb4 35. Ra4 Nd5 36. Ra6+ Nc6 37. Ra8 Ke5 38. Rg8 g6 39. Rc8 Nce7 40. Rc5 g5 41. Rc4 Nf5 42. Rc6 Nfe7 43. Ra6 Kf5 44. Ra8 Kg4 45. Rh8 Nc3+ 46. Kd2 Ned5 47. Rh7 f6 48. Rh2 Kf3 49. Ke1 Nb4 50. Rh6 Ncd5 51. Rh2 Nd3+ 52. Kf1 Nc3 53. Rh6 f5 54. Rf6 Kg4 55. Rc6 Nd1 56. Rc2 N1xf2 0-1

[Event "Lisbon Masters"]
[Site "Lisbon"]
[Date "2010.06.21"]
[Round "3"]
[White "Rodrigues, Afonso"]
[Black "Eggert, Alberto"]
[Result "1-0"]
[WhiteElo "2193"]
[BlackElo "2207"]
[PlyCount "61"]
[EventDate "2010.06.19"]
[EventType "tourn"]
[EventRounds "9"]
[EventCountry "POR"]
[SourceTitle "EXT 2013"]
[Source "ChessBase"]
[SourceDate "2012.11.22"]
[SourceVersion "1"]
[SourceVersionDate "2012.11.22"]
[SourceQuality "1"]

1. g3 d5 2. d4 Nf6 3. Bg2 Bf5 4. Nf3 c6 5. c4 e6 6. Qb3 Qb6 7. Qa4 Bxb1 8. c5 Qa6 9. Qxa6 Nxa6 10. Rxb1 Nb8 11. b4 Be7 12. Bf4 0-0 13. 0-0 Ne4 14. Rfc1 g5 15. Bxb8 Raxb8 16. b5 f6 17. Rc2 Rfc8 18. Ne1 f5 19. Nd3 cxb5 20. Rxb5 Bf6 21. e3 Nd6 22. Ra5 a6 23. Ra4 Nc4 24. Nb4 Kg7 25. Bf1 a5 26. Bxc4 axb4 27. Bb5 b6 28. Ra7+ Kg6 29. Bd7 Ra8 30. Rxa8 Rxa8 31. c6 1-0